000 01127cam a22003377a 4500
003 CHAP
005 20220329141455.0
008 971013s1989 r 00010 d
010 _a68731
011 _a69703
035 _a79180
040 _cCHAP
090 _aTesis
100 0 0 _aMuñoz Pérez, Narciso.
_979657
245 0 _aEvaluación de la erodabilidad para cuatro suelos diferentes de la Mixteca Alta Oaxaqueña
260 _aChapingo, Méx. :
_bEl autor,
_c1989
300 _a60 h.
502 _aTesis (Ing. Agrónomo Esp. en Suelos) -- UACH. Departamento de Suelos
590 _aALEPH
_b10
_c20130110
_lUCH01
_h1405
590 _aBATCH-UPD
_b10
_c20130110
_lUCH01
_h0410
590 _aBATCH-UPD
_b10
_c20130110
_lUCH01
_h2219
590 _aBATCH-UPD
_b10
_c20130410
_lUCH01
_h0044
590 _aBATCH-UPD
_b10
_c20130410
_lUCH01
_h1518
590 _aBATCH-UPD
_b10
_c20130914
_lUCH01
_h1316
590 _aCONVERSION
_b10
_c20130109
_lUCH01
_h1338
650 1 4 _aErosión.
_937335
650 1 4 _aSuelos
_xConservación
_xOaxaca.
_9110310
901 _aBK
942 _cTESIS
949 _bBC
_cTES
_d-32063
_eTS1
_h21858
_i79180
_si
999 _c68731
_d68731